BIBLIOTECA PODER JUDICIAL
Portal Judicial TDF

La necesidad de decisiones fundadas en casos de Jurisdicción Universal. Breves reflexiones en torno a su ejercicio en el caso Venezuela / (Registro nro. 5494)

000 -LEADER
fixed length control field 01392nab a22002537a 4500
003 - CONTROL NUMBER IDENTIFIER
control field OSt
005 - DATE AND TIME OF LATEST TRANSACTION
control field 20251209133606.0
008 - FIXED-LENGTH DATA ELEMENTS--GENERAL INFORMATION
fixed length control field 190502c xxu||||| |||| 00| 0 spa d
040 ## - CATALOGING SOURCE
Transcribing agency PJ
100 ## - MAIN ENTRY--PERSONAL NAME
9 (RLIN) 6485
Personal name Sifontes Torres, Efrén Ismael
245 13 - TITLE STATEMENT
Title La necesidad de decisiones fundadas en casos de Jurisdicción Universal. Breves reflexiones en torno a su ejercicio en el caso Venezuela /
Statement of responsibility, etc Efrén Ismael Sifontes Torres.
260 ## - PUBLICATION, DISTRIBUTION, ETC. (IMPRINT)
Place of publication, distribution, etc Ciudad Autónoma de Buenos Aires :
Name of publisher, distributor, etc Thomson Reuters La Ley,
Date of publication, distribution, etc 2025.
300 ## - PHYSICAL DESCRIPTION
Extent p. 10-14
500 ## - GENERAL NOTE
General note Cita Online: AR/DOC/3109/2024.
505 ## - FORMATTED CONTENTS NOTE
Formatted contents note Sumario: I. Introducción.— II. Antecedentes: la situación Venezuela I en la CPI y la decisión del 5 de abril del 2024.— III. La orden de Arresto. La decisión del 23 de septiembre.— IV. Reflexiones finales.
505 ## - FORMATTED CONTENTS NOTE
Title Fallo comentado: CNFed. Crim. y Correc., sala I ~ 23/09/2024 ~ Maduro Moros, Nicolás s/ queja de la querella - recurso de queja N.º 6.
505 ## - FORMATTED CONTENTS NOTE
Title ¿Te interesa el texto completo? Solicitalo al correo: koha@justierradelfuego.gov.ar
650 #0 - SUBJECT ADDED ENTRY--TOPICAL TERM
9 (RLIN) 343
Topical term or geographic name as entry element DERECHO PENAL
650 #0 - SUBJECT ADDED ENTRY--TOPICAL TERM
9 (RLIN) 6334
Topical term or geographic name as entry element CRÍMENES DE LESA HUMANIDAD
650 #0 - SUBJECT ADDED ENTRY--TOPICAL TERM
9 (RLIN) 2781
Topical term or geographic name as entry element DECLARACIÓN INDAGATORIA
650 #0 - SUBJECT ADDED ENTRY--TOPICAL TERM
9 (RLIN) 1974
Topical term or geographic name as entry element PRUEBA TESTIMONIAL
773 0# - HOST ITEM ENTRY
Host Biblionumber 2729
Host Itemnumber 3180
Place, publisher, and date of publication Buenos Aires : LexisNexis, 2006-
Title Revista de derecho penal y procesal penal. Nº 2 - Febrero 2025
International Standard Book Number 9875920622
942 ## - ADDED ENTRY ELEMENTS (KOHA)
Source of classification or shelving scheme
Koha item type Analítica Artículo de Revista

No hay ítems disponibles.

12 de Octubre 789 Ushuaia - Tel:  54(02901)441571
Horario de Atención: 8.00 a 17.00 hs. 
bibliotecaush@justierradelfuego.gov.ar
koha@justierradelfuego.gov.ar
Seguinos en nuestras redes @bibliojustdf 

Con tecnología Koha